New Zealand Black Ferns - 2017 Womens Rugby World Cup Squad - Statistics

General Stats
  • This quiz has been taken 8 times
  • The average score is 8 of 28
Answer Stats
Answer % Correct
Portia Woodman
83%
Becky Wood
67%
Aldora Itunu
50%
Charmaine Smith
50%
Chelsea Alley
50%
Kelly Brazier
50%
Kendra Cocksedge
50%
Linda Itunu
50%
Sarah Goss
50%
Stacey Waaka
50%
Eloise Blackwell
33%
Renee Wickliffe
33%
Selica Winiata
33%
Aotearoa Mata'u
17%
Aroha Savage
17%
Carla Hohepa
17%
Charmaine McMenamin
17%
Fiao'o Faamausili
17%
Hazel Tubic
17%
Rawinia Everitt
17%
Theresa Fitzpatrick
17%
Victoria Subritzky-Nafatali
17%
Aleisha Nelson
0%
Kristina Sue
0%
Les Ketu
0%
Sosoli Talawadua
0%
Te-Kura Ngata-Aerengamate
0%
Toka Natua
0%
No matching quizzes found
Score Distribution
Percent of People with Each Score
Percentile by Number Answered
Your Score History
You have not taken this quiz